[Event "Satka Autumn 2020"]
[Site "Satka"]
[Date "2020.10.28"]
[Round "8.8"]
[White "Mukhina, Jana"]
[Black "Smirnova, Ekaterina"]
[Result "1/2-1/2"]
[WhiteElo "2025"]
[BlackElo "2282"]
[Annotator "TA"]
[PlyCount "118"]
[EventDate "2020.10.21"]
[EventType "swiss"]
[EventCountry "RUS"]
[SourceTitle "playchess.com"]
[Source "ChessBase"]
[SourceQuality "1"]

{[%evp 9,118,5,8,1,9,0,28,29,41,56,94,75,137,126,120,135,136,91,143,145,160,169,160,178,174,171,174,183,253,250,219,232,254,198,205,0,246,202,183,88,45,0,10,-106,-94,-200,-192,-190,-166,-190,-168,-164,-27,-186,-72,-153,-147,-154,-108,-110,-110,-99,-102,-112,-105,-123,-131,-133,-107,-107,-106,-108,-108,-108,-108,-154,-154,-154,-154,-154,-154,-156,-154,-154,-154,-154,-113,-113,-100,-100,-95,-95,-95,-104,-104,-109,-109,-109,-109,-109,-102,-106,-106,-113,-113,-113,-113,-113,-113,-113,-113]} 1. Nc3 d5 2. e4 dxe4 3. Nxe4 Nf6 4. Nxf6+ exf6 5. d4 Bd6 6. Bd3 {A00: Irregular Openings.} O-O 7. Ne2 c6 8. O-O {White has an edge.} Qc7 9. Ng3 Be6 10. Qh5 {[%csl Gd3][%cal Rh5h7]} g6 (10... f5 $142) 11. Qh6 $16 {Threatening mate with Nh5!} Bxg3 12. fxg3 $40 {[%mdl 128] White goes for the king.} Nd7 13. b3 {And now Rf4 would win.} Rfe8 (13... Qa5 $142) 14. Rf4 $1 Qa5 15. Rh4 {Black must now prevent Bd2.} Nf8 16. Bd2 Qa3 17. Rf1 Qe7 18. g4 Bd7 (18... Rad8 $142 19. g5 f5) 19. Kh1 $18 a5 20. a4 b6 21. Bf4 Qb4 22. Bd2 Qe7 $1 23. c4 Rac8 24. Bf4 (24. g5 $18 {is more deadly.} f5 25. Rh3) 24... Qb4 25. g5 f5 $1 26. c5 (26. Rh3 $11) 26... Qxd4 $17 27. Bd6 (27. Ba6 $17 {is a better defense.} Ra8 28. Bd6) 27... Qxd3 $19 {[%cal Rd3f1][%mdl 64] Double Attack} 28. Rg1 {Bxf8 is the strong threat.} Qc3 {Threatens to win with ...Re4.} 29. Bxf8 Qh8 30. Bd6 {[#]} bxc5 (30... b5 $1 $19 31. b4 axb4 32. Rxb4 Ra8) 31. Rh3 $2 {[#]} (31. Bxc5 $11 {and White stays safe.} Qg7 32. Qxg7+ Kxg7 33. b4) 31... Qg7 (31... c4 $1 $19 {and Black stays clearly on top. Strongly threatening ...f4!} 32. bxc4 c5) 32. Qh4 (32. Qxg7+ $142 Kxg7 33. Bxc5) 32... Re4 $17 33. Qf2 Qd4 34. Bxc5 Qxf2 35. Bxf2 Be6 36. Bb6 Ra8 37. Rc1 Bd5 38. Re3 Rxe3 39. Bxe3 Bxb3 40. Rxc6 Bxa4 {[%mdl 4096] Endgame KRB-KRB} 41. Rc7 Bb3 42. Ra7 Rxa7 43. Bxa7 {KB-KB} Kf8 44. Kg1 Ke7 45. Kf2 Kd6 46. Ke3 Kd5 47. Kd3 Bc4+ 48. Kc3 {Black is better.} Bf1 49. g3 Ke4 50. Bb8 Bb5 51. h4 Kd5 52. Kb3 Ke6 53. Bc7 a4+ 54. Kb4 Bd7 55. Bf4 f6 56. Ka3 fxg5 57. hxg5 Kd5 58. Kb4 Ke4 59. Ka3 Kf3 {Av CentiPawn Loss W=-15/B=-17. Weighted=-22/-14} 1/2-1/2

[Event "Satka Autumn 2020"]
[Site "Satka"]
[Date "2020.10.28"]
[Round "8.9"]
[White "Filippova, Margarita"]
[Black "Loskutova, Viktoriya"]
[Result "1/2-1/2"]
[WhiteElo "1896"]
[BlackElo "2110"]
[Annotator "TA"]
[PlyCount "118"]
[EventDate "2020.10.21"]
[EventType "swiss"]
[EventCountry "RUS"]
[SourceTitle "playchess.com"]
[Source "ChessBase"]
[SourceQuality "1"]

{[%evp 19,118,4,4,6,4,0,8,0,8,10,15,10,20,13,15,19,31,0,-2,-37,12,17,66,10,16,12,16,14,20,-26,137,131,135,0,20,27,120,-13,112,110,110,116,109,114,112,28,168,171,170,171,179,186,214,57,57,57,57,15,15,15,15,0,15,15,15,0,20,0,8,0,0,0,15,15,15,15,15,15,15,15,15,15,15,15,15,15,15,15,15,15,15,15,15,15,15,15,15,15,15,0,15]} 1. d4 Nf6 2. Nf3 d5 3. c4 e6 4. e3 b6 5. Bd3 Bb7 6. Nbd2 Bd6 7. b3 O-O 8. Bb2 Nbd7 9. O-O Ne4 10. Qc2 f5 11. cxd5 {E14: Queen's Indian: Classical Variation (4 e3).} exd5 12. Ne5 Qe7 13. Nxd7 Qxd7 14. Nf3 g6 15. Ne5 Qe7 16. Qe2 a6 17. Rac1 c5 18. Ba1 b5 19. f3 c4 (19... Nf6 {feels hotter.} 20. Rb1 Rab8 21. Bc2 Rfc8 22. a4 Rc7) 20. bxc4 bxc4 21. Bxc4 (21. Bxe4 $1 $14 fxe4 22. fxe4) 21... dxc4 $11 22. Qxc4+ Kg7 {Strongly threatening ...Nd2.} 23. fxe4 Bxe4 24. Nf3 {[#]} h6 $2 (24... Rac8 $1 $11 {[%mdl 512]} 25. Qe2 (25. Qxc8 Rxc8) 25... Rxc1 26. Rxc1 Bd5) 25. d5+ $16 Kh7 {[#]} 26. Qd4 ({White has to play} 26. Nd2 $1 $16) 26... Rf7 27. Rc6 Re8 {[#]} (27... Rd8 $1 $11) 28. g3 (28. Nd2 $1 $16 Be5 29. Qxe5 Qxe5 30. Bxe5 Rxe5 31. Nxe4 (31. Rxa6 Bd3 $11) 31... Rxe4 32. Rb1 (32. Rxa6 Rxe3 33. Rc1 Rd3 $16)) 28... Bxf3 (28... Qd8 $11 {remains equal.} 29. Qc4 (29. Rxa6 Bxf3 30. Rxf3 Be5 $15) 29... Bb8) 29. Rxf3 Be5 30. Qxe5 Qxe5 31. Bxe5 Rxe5 {[%mdl 4096] Endgame KRR-KRR} 32. e4 ({White should try} 32. d6 $16) 32... Rd7 (32... Rxe4 $11 33. Rd3 (33. Rxa6 Rd4 $14) 33... Rd7) 33. exf5 $18 ({Don't play} 33. Rxa6 $6 fxe4 34. Rff6 e3 $14) 33... gxf5 34. d6 Rd5 35. Rxa6 Kg6 36. Rb3 $2 (36. a4 $18) 36... R7xd6 37. Rxd6+ Rxd6 $14 {KR-KR} 38. Ra3 Rd2 {The position is equal.} 39. Ra6+ Kg5 40. Ra8 Rb2 41. a3 {[%cal Ba2a3,Ba3a4][%mdl 32]} Ra2 42. h3 Kg6 43. a4 Kg5 44. a5 {Threatens to win with a6.} f4 45. Rg8+ (45. gxf4+ {is more complex.} Kxf4 46. Kf1 Kg3 47. Ke1 Kxh3 48. Kd1) 45... Kf6 46. Rf8+ Kg7 47. Rxf4 {Rf5 is the strong threat.} Rxa5 48. Kf2 Ra3 49. Re4 Kf6 50. Re3 Ra4 51. Kf3 Rb4 52. Re4 Rb3+ 53. Kg4 Rb5 54. h4 h5+ 55. Kf4 Rf5+ 56. Ke3 Ra5 57. Rf4+ Kg6 58. Rb4 Kf5 59. Rf4+ Ke5 {Av CentiPawn Loss W=-16/B=-16. Weighted=-20/-19} 1/2-1/2

[Event "Satka Autumn 2020"]
[Site "Satka"]
[Date "2020.10.28"]
[Round "8.10"]
[White "Martynyuk, Elizaveta"]
[Black "Zherebtsova, Alexandra"]
[Result "0-1"]
[WhiteElo "2102"]
[BlackElo "2225"]
[Annotator "TA"]
[PlyCount "76"]
[EventDate "2020.10.21"]
[EventType "swiss"]
[EventCountry "RUS"]
[SourceTitle "playchess.com"]
[Source "ChessBase"]
[SourceQuality "1"]

{[%evp 17,76,31,43,35,58,0,0,-21,14,4,7,0,40,39,35,62,41,22,21,-8,13,-76,-67,-70,-85,-92,-26,-115,-114,-148,-154,-195,-184,-185,-193,-182,-127,-119,-69,-174,-145,-313,-311,-490,-483,-795,-781,-749,-751,-1218,-1223,-1685,-1682,-1533,-1493,-29987,-29988,-29986,-29987,-29989,-29981]} 1. e4 e5 2. Nf3 Nc6 3. Bc4 Nf6 4. d3 h6 5. c3 d6 6. Nbd2 Qe7 7. Bb3 g6 8. O-O Bg7 9. Re1 O-O 10. d4 {C55: Two Knights: 4 d3, 4 d4 exd4 5 e5 and Max Lange Attack.} Nh5 {[%cal Re5d4]} 11. dxe5 ({White should try} 11. d5 $14 Nb8 12. Nc4) 11... dxe5 $11 12. Nc4 {[%cal Bd2c4,Bc4e3,Be3d5][%mdl 32] The position is equal.} Be6 13. Ne3 Rad8 14. Qc2 Nf4 15. g3 Nh3+ 16. Kg2 Bc8 17. Nd5 Qd6 $1 18. Be3 Na5 19. Nd2 (19. Bxa7 $11 {remains equal.} Bg4 20. Nh4) 19... c6 $36 {[%mdl 2048] Black has good play.} 20. Nb4 Nxb3 21. axb3 Qe6 (21... f5 $1 $17 {[%cal Rf5f4] ...f4 is the strong threat.} 22. exf5 Bxf5) 22. Nf3 {[#]} (22. f3 $11) 22... Nf4+ $1 {[%mdl 512]} 23. Bxf4 exf4 24. Rxa7 Qh3+ $1 25. Kh1 Qh5 26. Ng1 {[#]} fxg3 (26... Bg4 $1 $19 27. Kg2 Rd7) 27. fxg3 Rfe8 28. Qf2 (28. Nd3 $15) 28... Qb5 29. Rea1 $2 {[#] Now White is beyond hope.} (29. Raa1 $17 {was called for.}) 29... Qe5 $1 $19 {[%cal Re5e4]} ({Worse is} 29... Rxe4 30. R7a5 $11) 30. Re1 {[#]} (30. Nc2 $142 Qxe4+ 31. Nf3) 30... Bf5 $1 {[%mdl 576] Pin} 31. Ne2 (31. Nf3 $142 Bxe4 32. Kg1) (31. exf5 Qxe1) 31... Qxe4+ 32. Kg1 Rd2 33. Rxb7 c5 34. Qf4 Qxf4 35. gxf4 cxb4 36. Kf2 bxc3 {Black mates.} 37. bxc3 Bxc3 38. Rc7 Bf6 {Av CentiPawn Loss W=-108/B=-12. Weighted=-124/-10} 0-1

[Event "Satka Autumn 2020"]
[Site "Satka"]
[Date "2020.10.28"]
[Round "8.11"]
[White "Stroganova, Karina"]
[Black "Guseva, Marina"]
[Result "1-0"]
[WhiteElo "1825"]
[BlackElo "2377"]
[Annotator "TA"]
[PlyCount "79"]
[EventDate "2020.10.21"]
[EventType "swiss"]
[EventCountry "RUS"]
[SourceTitle "playchess.com"]
[Source "ChessBase"]
[SourceQuality "1"]

{[%evp 11,79,21,13,-5,28,13,32,22,24,18,25,13,0,-11,8,-12,-10,-27,-27,-27,-21,-114,0,0,0,-21,-14,-14,0,0,0,0,35,26,38,13,26,8,7,0,21,27,81,43,52,18,18,0,75,52,52,54,240,239,492,492,476,488,485,485,495,494,492,489,564,564,558,549,29995,29996]} 1. d4 Nf6 2. Nf3 e6 3. c4 b6 4. g3 Ba6 5. Qa4 Bb7 6. Bg2 c5 7. e3 {E15: Queen's Indian: 4 g3 sidelines, 4 g3 Ba6 and 4 g3 Bb7 early deviations.} cxd4 8. exd4 Be7 9. O-O {White is slightly better.} O-O 10. Nc3 {[%cal Bb1c3,Bc3b5,Bb5c7][%mdl 32]} Qc8 11. Bf4 d5 12. Nb5 a6 13. Nc7 Ra7 14. Nb5 Qe8 {[%mdl 64] Pin} 15. Bxb8 Ra8 16. Bc7 (16. Bf4 $11 axb5 17. Qxb5) 16... Bc6 (16... axb5 $17 17. Qxb5 Bc6) 17. Qc2 $11 {Black must now prevent Na3.} axb5 18. cxd5 Bxd5 {And now ...Rc8 would win.} 19. Bxb6 Nd7 20. Bc5 $1 Nxc5 21. dxc5 Rc8 22. b4 $36 {[%mdl 2048] White fights for an advantage.} Bf6 23. Rad1 {With the idea Rfe1.} Ra8 24. Nd4 {Strongly threatening Bxd5.} (24. Rxd5 $5 exd5 25. Re1 $11) 24... Rxa2 25. Qb1 Bc4 26. Rfe1 Ra3 (26... Qb8 $11 {keeps the balance.}) 27. Qe4 Ra4 28. Nc6 Bc3 $1 29. Re3 Bxb4 (29... Bd5 $1 $11 30. Rxd5 Qxc6) 30. Nxb4 Rxb4 31. Qb7 Ra4 $2 {This move loses the game for Black.} ({Black should try} 31... Qd8 $14 32. Bf3 (32. Rxd8 Rb1+ 33. Bf1 Rxd8 $14) 32... Qf6) 32. c6 $18 {[%mdl 1024] aiming for c7. White has strong compensation.} Ra8 $2 (32... e5 33. c7 Be6) 33. c7 Rc8 {[#] Hoping for ...Qe7.} 34. Bc6 $1 {[%cal Rc6e8]} Qe7 {[#]} 35. Bd7 $1 {[%cal Rd7c8]} Rxc7 36. Qxc7 Rd8 37. Qb7 Kf8 38. Ree1 Bb3 39. Rd4 Qc5 40. Bxe6 {Av CentiPawn Loss W=-11/B=-58. Weighted=-13/-83} 1-0

[Event "Satka Autumn 2020"]
[Site "Satka"]
[Date "2020.10.28"]
[Round "8.12"]
[White "Shnayder, Violetta"]
[Black "Nikulina, Anastasiya"]
[Result "1-0"]
[WhiteElo "1917"]
[BlackElo "1604"]
[Annotator "NA"]
[PlyCount "111"]
[EventDate "2020.10.21"]
[EventType "swiss"]
[EventCountry "RUS"]
[SourceTitle "playchess.com"]
[Source "ChessBase"]
[SourceQuality "1"]
[TimeControl "5400+30"]

1. Nf3 {[%emt 0:00:00]} Nf6 {[%emt 0:00:00]} 2. g3 {[%emt 0:00:00]} b6 {[%emt 0:00:00]} 3. Bg2 {[%emt 0:00:00]} Bb7 {[%emt 0:00:00]} 4. O-O {[%emt 0:00:09]} g6 {[%emt 0:00:08]} 5. c4 {[%emt 0:00:24]} Bg7 {[%emt 0:00:14]} 6. d4 {[%emt 0:00:06]} O-O {[%emt 0:00:14]} 7. Nc3 {[%emt 0:00:06]} Ne4 {[%emt 0:00:30]} 8. Qc2 {[%emt 0:00:12]} Nxc3 {[%emt 0:00:20]} 9. Qxc3 {[%emt 0:00:05]} c5 {[%emt 0:00:10]} 10. Be3 {[%emt 0:03:48]} Bxf3 {[%emt 0:01:27]} 11. Bxf3 {[%emt 0:01:58]} Nc6 {[%emt 0:00:08]} 12. Bxc6 {[%emt 0:06:13]} dxc6 {[%emt 0:00:09]} 13. Rfd1 {[%emt 0:01:07]} Qd7 {[%emt 0:01:31]} 14. Rd3 {[%emt 0:07:11]} Rfd8 {[%emt 0:09:12]} 15. Rad1 {[%emt 0:00:36]} Qg4 {[%emt 0:04:50]} 16. R1d2 {[%emt 0:23:13]} (16. f3 $11 {keeps the balance.} Qe6 17. Kf2) 16... Rd7 {[%emt 0:11:46]} 17. f3 {[%emt 0:04:52] [#]} Qe6 $1 {[%emt 0:00:47]} 18. Qc2 {[%emt 0:00:32]} (18. Qb3 $142 Bxd4 19. Bxd4 cxd4 20. Rxd4 Rxd4 21. Rxd4) 18... cxd4 {[%emt 0:01:16]} 19. Bf2 {[%emt 0:03:54]} Rad8 {[%emt 0:04:22]} 20. c5 {[%emt 0:00:50]} b5 {[%emt 0:10:12]} 21. b3 {[%emt 0:04:11]} a5 {[%emt 0:06:57]} 22. Kg2 {[%emt 0:01:45]} Rd5 {[%emt 0:05:41]} 23. a3 {[%emt 0:03:51]} Rh5 {[%emt 0:06:00]} 24. h4 {[%emt 0:04:09]} Rhd5 {[%emt 0:03:09]} 25. Rd1 {[%emt 0:00:45]} h5 {[%emt 0:07:31]} 26. Be1 {[%emt 0:03:33]} Ra8 {[%emt 0:06:31]} 27. Bf2 {[%emt 0:00:45]} Qd7 {[%emt 0:02:43]} 28. e4 {[%emt 0:01:57]} dxe3 $1 {[%emt 0:01:15]} 29. Rxd5 {[%emt 0:00:42]} cxd5 {[%emt 0:00:14]} 30. Bxe3 {[%emt 0:00:11] [#]} Qc6 $1 {[%emt 0:00:42]} 31. Qd2 {[%emt 0:01:58]} (31. Bd2 {is a better defense.}) 31... e6 {[%emt 0:00:58]} 32. Kf2 {[%emt 0:04:34] [#]} (32. Bf2 $142) 32... Qc7 $19 {[%emt 0:03:34]} (32... d4 $142 $1 {[%mdl 512]} 33. Bh6 (33. Bxd4 Rd8) 33... Bxh6 34. Qxh6 Qxc5) 33. Qd3 {[%emt 0:01:46]} b4 {[%emt 0:01:01]} 34. a4 {[%emt 0:00:32]} Rc8 {[%emt 0:01:38]} 35. Rc1 {[%emt 0:02:16]} Bc3 {[%emt 0:02:27]} 36. Kg2 {[%emt 0:01:29]} Qc6 {[%emt 0:01:17]} 37. Bd4 {[%emt 0:00:52]} Bxd4 {[%emt 0:01:38]} 38. Qxd4 {[%emt 0:00:02]} Qa6 {[%emt 0:01:46]} 39. Kf2 {[%emt 0:01:26]} Qa7 {[%emt 0:01:48]} 40. Kg2 {[%emt 0:01:24]} Rc6 {[%emt 0:04:04]} 41. g4 {[%emt 0:00:29]} hxg4 {[%emt 0:00:40]} 42. fxg4 {[%emt 0:00:07]} Qe7 {[%emt 0:00:50]} 43. g5 {[%emt 0:01:38]} Rc8 {[%emt 0:01:03]} 44. Kf3 {[%emt 0:01:34]} Rd8 {[%emt 0:00:36]} 45. Qe5 {[%emt 0:01:59]} d4 {[%emt 0:00:33]} 46. c6 {[%emt 0:00:09]} d3 {[%emt 0:00:20]} 47. c7 {[%emt 0:00:46]} Rc8 {[%emt 0:00:09]} 48. Ke3 {[%emt 0:01:46]} Qd7 {[%emt 0:00:22]} 49. Kd2 {[%emt 0:00:37]} Kh7 {[%emt 0:01:09]} 50. h5 {[%emt 0:00:41]} Qe7 {[%emt 0:00:31]} 51. h6 {[%emt 0:01:07]} f6 {[%emt 0:00:06]} 52. gxf6 {[%emt 0:00:21]} Qd7 {[%emt 0:00:25]} 53. Rc5 {[%emt 0:01:54]} Qf7 {[%emt 0:00:30]} 54. Kxd3 {[%emt 0:00:52]} Qd7+ {[%emt 0:00:42]} 55. Ke2 {[%emt 0:00:20]} Kxh6 {[%emt 0:00:46]} 56. Qh2# {[%emt 0:00:24]} 1-0

[Event "Satka Autumn 2020"]
[Site "Satka"]
[Date "2020.10.28"]
[Round "8.13"]
[White "Shamsutdinova, Karina"]
[Black "Nasybullina, Dayana"]
[Result "0-1"]
[WhiteElo "1762"]
[BlackElo "1802"]
[Annotator "NA"]
[PlyCount "136"]
[EventDate "2020.10.21"]
[EventType "swiss"]
[EventCountry "RUS"]
[SourceTitle "playchess.com"]
[Source "ChessBase"]
[SourceQuality "1"]
[TimeControl "5400+30"]

1. Nf3 {[%emt 0:00:00]} d6 {[%emt 0:02:23]} 2. d4 {[%emt 0:01:08]} Bg4 {[%emt 0:00:15]} 3. g3 {[%emt 0:08:26]} Nf6 {[%emt 0:02:38]} 4. Bg2 {[%emt 0:00:36]} c6 {[%emt 0:03:35]} 5. c4 {[%emt 0:02:54]} Nbd7 {[%emt 0:02:12]} 6. h3 {[%emt 0:07:49]} Bxf3 {[%emt 0:03:43]} 7. exf3 {[%emt 0:01:21]} d5 {[%emt 0:05:23]} 8. cxd5 {[%emt 0:01:23]} Nxd5 {[%emt 0:01:22]} 9. Nc3 {[%emt 0:02:35]} N7f6 {[%emt 0:03:42]} 10. O-O {[%emt 0:01:11]} e6 {[%emt 0:01:12]} 11. f4 {[%emt 0:02:33]} Be7 {[%emt 0:03:03]} 12. g4 {[%emt 0:08:04]} O-O {[%emt 0:08:59]} 13. Qf3 {[%emt 0:09:04]} Qb6 {[%emt 0:03:36]} 14. g5 {[%emt 0:11:39]} Nd7 {[%emt 0:00:44]} (14... Ne8 $1 $15) 15. Nxd5 {[%emt 0:06:04]} exd5 {[%emt 0:00:15]} 16. Be3 {[%emt 0:07:50]} f6 {[%emt 0:06:17]} 17. b3 {[%emt 0:07:03]} (17. h4 $11 {remains equal.}) 17... Qc7 {[%emt 0:04:48]} ({Better is} 17... fxg5 $17 18. Qg4 {[%mdl 64] Double Attack} gxf4 19. Qxd7 fxe3 20. Qe6+ Rf7 21. fxe3 Bf6) 18. Qe2 {[%emt 0:04:16]} Bd6 {[%emt 0:01:55]} 19. Rac1 {[%emt 0:03:34]} Nb6 {[%emt 0:01:10]} 20. Qg4 {[%emt 0:02:10]} Rae8 {[%emt 0:04:22]} 21. h4 {[%emt 0:01:49]} fxg5 {[%emt 0:05:35]} 22. fxg5 {[%emt 0:00:10]} Re7 {[%emt 0:06:33]} ({Better is} 22... Qc8 $17 23. Qxc8 Nxc8) 23. Rce1 {[%emt 0:02:02]} Ref7 {[%emt 0:02:20]} 24. h5 {[%emt 0:01:35]} Bh2+ {[%emt 0:02:11]} 25. Kh1 {[%emt 0:00:05]} Bf4 {[%emt 0:01:01]} 26. Bh3 {[%emt 0:01:16]} Kh8 {[%emt 0:07:24]} 27. Qg2 {[%emt 0:00:22]} Qd6 {[%emt 0:04:36]} 28. Kg1 {[%emt 0:01:49]} Nc8 {[%emt 0:02:52]} 29. g6 {[%emt 0:00:43]} Rf6 {[%emt 0:04:31]} 30. Bxf4 {[%emt 0:01:08]} Qxf4 {[%emt 0:01:12]} 31. gxh7 {[%emt 0:01:54]} Qxd4 {[%emt 0:01:43]} 32. Bxc8 {[%emt 0:00:19]} Rxc8 {[%emt 0:00:06]} 33. Re3 {[%emt 0:01:32]} Rcf8 {[%emt 0:00:51]} 34. Rg3 {[%emt 0:00:15]} Rh6 {[%emt 0:01:17]} 35. Rg5 {[%emt 0:00:38]} Kxh7 {[%emt 0:00:48]} 36. Re1 {[%emt 0:00:17]} Qf6 {[%emt 0:00:31]} 37. Ree5 {[%emt 0:00:42]} Rg8 {[%emt 0:02:11]} 38. Qg3 {[%emt 0:00:53]} g6 {[%emt 0:00:54]} 39. Qd3 {[%emt 0:01:15]} Kh8 {[%emt 0:00:28]} 40. Qg3 {[%emt 0:00:18]} Kh7 {[%emt 0:00:39]} 41. Kf1 {[%emt 0:00:39]} Rg7 {[%emt 0:00:30]} 42. Qd3 {[%emt 0:00:30]} Kh8 {[%emt 0:00:35]} 43. Re8+ {[%emt 0:00:36]} Rg8 {[%emt 0:00:27]} 44. Rxg8+ {[%emt 0:00:35]} Kxg8 {[%emt 0:00:04]} 45. Rg3 {[%emt 0:00:41]} Kg7 {[%emt 0:00:30]} 46. Qe2 {[%emt 0:00:23]} Kh7 {[%emt 0:00:57]} 47. Rf3 {[%emt 0:00:23]} Qa1+ {[%emt 0:00:26]} 48. Kg2 {[%emt 0:00:05]} Rxh5 {[%emt 0:00:20]} 49. Qe7+ {[%emt 0:00:34]} Kh6 {[%emt 0:00:21]} 50. Qf8+ {[%emt 0:00:20]} Qg7 {[%emt 0:00:15]} 51. Qd6 {[%emt 0:01:11]} Rg5+ {[%emt 0:00:29]} 52. Kh3 {[%emt 0:00:43]} Kh7 {[%emt 0:00:51]} 53. Rf4 {[%emt 0:00:32]} Rf5 {[%emt 0:00:53]} 54. Rg4 {[%emt 0:00:31]} Rxf2 {[%emt 0:00:26]} 55. Rh4+ {[%emt 0:00:13]} Kg8 {[%emt 0:00:03]} 56. Qe6+ {[%emt 0:00:32]} Qf7 {[%emt 0:00:26]} 57. Qc8+ $19 {[%emt 0:00:05]} Qf8 {[%emt 0:00:30]} 58. Qe6+ {[%emt 0:00:24]} Kg7 {[%emt 0:00:17]} 59. Qe5+ {[%emt 0:00:22]} Rf6 {[%emt 0:00:52]} 60. Rg4 {[%emt 0:01:27]} Qd6 {[%emt 0:00:30]} 61. Qd4 {[%emt 0:00:30]} c5 {[%emt 0:00:20]} 62. Qe3 {[%emt 0:00:16]} d4 {[%emt 0:00:50]} 63. Qe4 {[%emt 0:00:13]} Qd7 {[%emt 0:00:37]} 64. Kg3 {[%emt 0:00:57]} Re6 {[%emt 0:00:16]} 65. Qc2 {[%emt 0:00:35]} Re3+ {[%emt 0:00:15]} 66. Kh4 {[%emt 0:00:14]} Qe7+ {[%emt 0:00:13]} 67. Rg5 {[%emt 0:00:05]} Re4+ {[%emt 0:00:52]} 68. Kh3 {[%emt 0:00:06]} Qxg5 {[%emt 0:00:12]} 0-1

[Event "Satka Autumn 2020"]
[Site "Satka"]
[Date "2020.10.29"]
[Round "9.1"]
[White "Kovanova, Baira"]
[Black "Afonasieva, Anna"]
[Result "1-0"]
[WhiteElo "2324"]
[BlackElo "2279"]
[Annotator "TA"]
[PlyCount "69"]
[EventDate "2020.10.21"]
[EventType "swiss"]
[EventCountry "RUS"]
[SourceTitle "playchess.com"]
[Source "ChessBase"]
[SourceQuality "1"]

{[%evp 15,69,20,31,12,17,27,39,10,34,31,52,27,40,34,38,26,28,42,36,10,8,13,0,0,42,30,134,127,120,122,122,127,125,136,910,903,910,848,880,852,829,821,826,810,892,860,1192,1180,1304,1278,1218,1184,12835,12825,29991,29992]} 1. e4 c6 2. d4 d5 3. Nc3 dxe4 4. Nxe4 Bf5 5. Ng3 Bg6 6. Nf3 Nd7 7. Bd3 e6 8. O-O Ngf6 9. Bf4 {B18: Classical Caro-Kann: 4...Bf5 sidelines.} Be7 10. Bxg6 hxg6 11. c4 {White is slightly better.} Qa5 12. a3 O-O 13. Qe2 Nh5 14. Nxh5 Qxh5 15. d5 cxd5 16. cxd5 e5 17. Rfe1 {[%cal Rf3e5]} f6 18. Qb5 $36 {[%mdl 2048] White fights for an advantage.} Rfd8 19. Bg3 Nb6 20. Bxe5 Bf8 {[#]} (20... Qg4 $1 $11 {keeps the balance.}) 21. Qb3 $1 $16 fxe5 22. d6+ $1 Kh8 23. Re4 {And now Rh4 would win.} g5 24. Nxe5 {Black must now prevent g4.} Bxd6 $4 {[%mdl 8192] [#] This move loses the game for Black.} (24... Re8 $16) 25. g4 $1 $18 Bxe5 26. gxh5 Bf6 27. Qf7 Rf8 28. Qxb7 Rad8 29. Rae1 Nd5 30. Qc6 Nf4 31. Re8 Kh7 32. Rxf8 Rxf8 33. Re8 Rf7 34. Qc4 Nh3+ 35. Kf1 {Av CentiPawn Loss W=-12/B=-141. Weighted=-9/-114} 1-0

[Event "Satka Autumn 2020"]
[Site "Satka"]
[Date "2020.10.29"]
[Round "9.2"]
[White "Voit, Daria"]
[Black "Borisova, Ekaterina"]
[Result "0-1"]
[WhiteElo "2343"]
[BlackElo "2292"]
[Annotator "TA"]
[PlyCount "88"]
[EventDate "2020.10.21"]
[EventType "swiss"]
[EventCountry "RUS"]
[SourceTitle "playchess.com"]
[Source "ChessBase"]
[SourceQuality "1"]

{[%evp 14,88,20,0,0,0,0,0,0,-75,-75,-79,-55,-73,-22,-42,-31,-80,-85,-214,-43,-210,-206,-216,-193,-241,-240,-224,-214,-296,-298,-337,-322,-339,-235,-347,-194,-208,-198,-257,-154,-250,-156,-139,-137,-146,-139,-135,-126,-142,-142,-129,-116,-118,-98,-115,-107,-106,-113,-125,-118,-118,-115,-114,-117,-120,-123,-766,-759,-746,-745,-737,-735,-721,-704,-681,-671]} 1. c4 Nf6 2. Nc3 g6 3. d4 d5 4. cxd5 Nxd5 5. Bd2 Bg7 6. e4 Nxc3 7. Bxc3 O-O 8. Rc1 c5 {[%cal Rc5d4] D85: Exchange Grünfeld: Unusual White 7th moves and lines with 7 Nf3.} 9. dxc5 Qxd1+ 10. Kxd1 Bh6 {The position is equal.} 11. Ra1 (11. Bd2 $11 Rd8 12. Nf3) 11... Nd7 $1 $17 12. c6 Nc5 13. f3 bxc6 (13... Na4 $17 14. Ba5 Nxb2+ 15. Kc2 Na4) 14. b3 Be6 15. Bb4 Rfd8+ $1 16. Kc2 {[#]} (16. Ke1 $17 {might work better.} Nd3+ 17. Bxd3 Rxd3 18. Ne2) 16... Be3 $2 (16... Nxb3 $1 $19 {[%mdl 512]} 17. axb3 Rab8) 17. Re1 $2 ({Better is} 17. Ba5 $15) 17... a5 $1 $19 {[%cal Ra5b4]} 18. Bc3 Bh6 19. Nh3 a4 {[%cal Ra4b3]} 20. b4 Nb7 21. a3 c5 22. b5 Bb3+ 23. Kb2 Nd6 24. f4 (24. e5 $142 Nc4+ 25. Bxc4 Bxc4 26. Nf2) 24... Nc4+ (24... c4 $142 25. b6 Rab8) 25. Bxc4 Bxc4 26. Rd1 (26. b6 {is a better defense.}) 26... Bxb5 ({Black should try} 26... Rdb8 $19 27. Ka1 Bxb5) 27. g3 (27. Rxd8+ $17 {keeps fighting.} Rxd8 28. g3) 27... Bg7 28. Bxg7 Kxg7 29. Kc3 Be2 30. Rxd8 Rxd8 $17 {[%mdl 4096] Endgame KRB-KRN} 31. Nf2 Rb8 32. Rc1 Rb3+ 33. Kd2 Ba6 34. Rc3 c4 35. e5 Rb2+ 36. Rc2 {[#]} c3+ $1 {[%mdl 64] Decoy} 37. Kxc3 Rb3+ {[%mdl 64] Double Attack} 38. Kd4 Rxa3 39. Rc7 Rb3 40. Rxe7 $2 {[%mdl 8192]} (40. Ra7 $17 Rb4+ 41. Ke3) 40... a3 $19 {Black is clearly winning.} 41. Ra7 {[#]} Rb6 $1 {Strongly threatening ...a2.} 42. Kc5 {[#]} a2 $1 {[%mdl 512] ( -> ...Rb5+)} 43. Kxb6 a1=Q 44. Ng4 Qb2+ {Av CentiPawn Loss W=-43/B=-23. Weighted=-42/-27} 0-1